Puerto Rico City Quiz - Statistics

General Stats
  • This quiz has been taken 126 times
  • The average score is 5 of 7
Answer Stats
City % Correct
San Juan
99%
Ponce
84%
Carolina
74%
Bayamon
72%
Caguas
64%
Mayaguez
64%
Guaynabo
49%
No matching quizzes found
Score Distribution
Percent of People with Each Score
Percentile by Number Answered
Your Score History
You have not taken this quiz